Recent Advances in Post-Lithium Ion Batteries (Record no. 12257)
[ view plain ]
| 000 -LEADER | |
|---|---|
| fixed length control field | 00829nam a2200133Ia 4500 |
| 008 - FIXED-LENGTH DATA ELEMENTS--GENERAL INFORMATION | |
| fixed length control field | 220615s9999||||xx |||||||||||||| ||und|| |
| 020 ## - INTERNATIONAL STANDARD BOOK NUMBER | |
| International Standard Book Number | 9783040000000 |
| 245 #0 - TITLE STATEMENT | |
| Title | Recent Advances in Post-Lithium Ion Batteries |
| 546 ## - LANGUAGE NOTE | |
| Language note | English[eng] |
| 650 ## - SUBJECT ADDED ENTRY--TOPICAL TERM | |
| Topical term or geographic name entry element | metal-air||zinc-air||modeling||simulation||computational chemistry||sodium-ion battery||cathode||solution combustion synthesis||capacity retention||Na0.44MnO2||garnet||solid electrolyte||lithium metal||interface||charge-transfer resistance||polymer electrolyte||single-ion conducting||ionic conductivity||Raman spectroscopy||lithium glycerolate||lithium single-ion conductor||EIS||Fourier-Transform Infrared Spectroscopy||cycling||catalyst||carbon nanotubes||Li-O2 battery |
| 700 ## - ADDED ENTRY--PERSONAL NAME | |
| Personal name | Quartarone, Eliana |
| 856 ## - ELECTRONIC LOCATION AND ACCESS | |
| Uniform Resource Identifier | <a href="https://mdpi.com/books/pdfview/book/3984">https://mdpi.com/books/pdfview/book/3984</a> |
| 942 ## - ADDED ENTRY ELEMENTS (KOHA) | |
| Koha item type | E-Books |
| Withdrawn status | Lost status | Damaged status | Not for loan | Home library | Current library | Date acquired | Total Checkouts | Date last seen | Price effective from | Koha item type |
|---|---|---|---|---|---|---|---|---|---|---|
| Kerala University of Digital Sciences, Innovation and Technology Knowledge Centre | Kerala University of Digital Sciences, Innovation and Technology Knowledge Centre | 15/06/2022 | 15/06/2022 | 15/06/2022 | E-Books |